01892nam a2200397 a 4500001001200000003000800012006001900020007001500039008004100054010001700095020003900112020003600151020002700187040002100214035002100235043001200256050002700268082002300295100002600318245015200344260005300496300003800549490002200587504006400609505024500673533015200918610006501070650005101135650003101186655002901217710006501246710001701311830002301328856012601351999001701477ebr10561881CaPaEBRm u cr cn|||||||||111014s2012 miuabc sb 001 0 eng d z 2011042966 z9780814334614 (cloth : alk. paper) z081433461X (cloth : alk. paper) z9780814337202 (e-book) aCaPaEBRcCaPaEBR a(OCoLC)794413052 an-us-mi14aKF8755.M52bC48 2012eb04a347.73/22097742231 aChardavoyne, David G.10aUnited States District Court for the Eastern District of Michiganh[electronic resource] :bpeople, law, and politics /cDavid Gardner Chardavoyne. aDetroit :bWayne State University Press,cc2012. axvi, 440 p. :bill., maps, ports.1 aGreat Lakes books aIncludes bibliographical references (p. 411-424) and index.0 apt. 1. The Wilkins years, 1837-1870 -- pt. 2. The Industrial Revolution and the Gilded Age, 1870-1900 -- pt. 3. Decades of tumult, 1900-1945 -- pt. 4. The era of grand expectations, 1946-1976 -- pt. 5. A major metropolitan court, 1977-2010. aElectronic reproduction.bPalo Alto, Calif. :cebrary,d2013.nAvailable via World Wide Web.nAccess may be limited to ebrary affiliated libraries.10aUnited States.bDistrict Court (Michigan : Eastern District) 0aJustice, Administration ofzMichiganxHistory. 0aJudgeszMichiganxHistory. 7aElectronic books.2local1 aUnited States.bDistrict Court (Michigan : Eastern District)2 aebrary, Inc. 0aGreat Lakes books.40uhttp://site.ebrary.com/lib/rucke/Doc?id=10561881zAn electronic book accessible through the World Wide Web; click to view c94723d94723